000 00543nam a2200193Ia 4500
005 20250923145400.0
008 008 250917s9999 xx 000 0 eng d
037 _aTextual
040 _aDSWL
_beng
_cDSWL
041 _aeng
_2eng
084 _aV2:2'N6, N65
_qDSWL
245 0 _aConstitution of India
_c Ed. by Kailash Pandey
260 _aNew Delhi
_b Guide Publication
_c1965
300 _axxxviii,444 p.
365 _aINR
_b12 . 0
925 _g12 . 0
942 _cTEXL
_hV2:2'N6, N65
999 _c1450690
_d1450690